000 01042nam a2200229 i 4500
001 181769
003 ES-MaACL
005 20230906221442.0
008 130325s1925 sp |||| | spa d
080 _a904(460.186)
080 _a904(460.351)
100 1 _aAulló y Costilla, Manuel.
_9152511
245 1 0 _aExcavaciones arqueológicas en diversos yacimientos sitos en las provincias de Segovia y de Córdoba
_b: memoria de los trabajos realizados por el concesionario de dichas excavaciones /
_cManuel Aulló Costilla.
260 _aMadrid :
_b[s.n.],
_c1925 (
_fTipografía de la "Revista de Archivos")
300 _a7 p., XIX lám. ;
_c24 cm.
490 1 _aJunta Superior de Excavaciones y Antigüedades ;
_vn. 71 = n. 1, 1924-25
650 4 _aExcavaciones arqueológicas-
_zSegovia (Provincia)
_9152512
650 4 _aExcavaciones arqueológicas-
_zCórdoba (Provincia)
_9152513
830 0 _aJunta Superior de Excavaciones y Antigüedades ;
_vn. 71 = n. 1, 1924-25
_9191570
852 _aES-MaACL
_jE-3374(1)
999 _c181769
_d181769